书目信息 |
| 题名: |
受命变革
|
|
| 作者: | 德怀特·D·艾森豪威尔 著 ;复旦大学资本主义国家经济研究所 译 | |
| 分册: | 二 | |
| 出版信息: | 上海 三联书店 1978.06.06 |
|
| 页数: | 300页 | |
| 开本: | 19cm | |
| 丛书名: | 艾森豪威尔回忆录 | |
| 单 册: | ||
| 中图分类: | K817.121 , K837.127.5 | |
| 科图分类: | ||
| 主题词: | 历史 , 地理 | |
| 电子资源: | ||
| ISBN: | ||
| 000 | 00919nam0 2200253 45 | |
| 001 | 0405110892 | |
| 005 | 20060817152259.29 | |
| 010 | @dCNY2.15(2册) | |
| 100 | @a20040511d1978 km y0chiy0120 ea | |
| 101 | 0 | @achi |
| 200 | 1 | @a受命变革@AShou Ming Bian Ge@e1953-1956年@h二@f(美)德怀特·D·艾森豪威尔著@F(mei)de huai te·D·ai sen hao wei er zhu@g复旦大学资本主义国家经济研究所译 |
| 210 | @a上海@c三联书店@d1978.06.06 | |
| 215 | @a300页@d19cm | |
| 225 | 2 | @a艾森豪威尔回忆录@e白宫岁月@h上 |
| 410 | 0 | @12001 @a艾森豪威尔回忆录 |
| 517 | @a1953-1956年@A1953-1956 nian | |
| 606 | 0 | @a历史 |
| 606 | 0 | @a地理 |
| 690 | @aK817.121@v4 | |
| 690 | @aK837.127.5@v3 | |
| 701 | 0 | @a德怀特·D·艾森豪威尔@Ade huai te·D·ai sen hao wei er@4著 |
| 702 | 0 | @a复旦大学资本主义国家经济研究所@AFu Dan Da Xue Zi Ben Zhu Yi Guo Jia Jing Ji Yan Jiu Suo@4译 |
| 801 | @aCN@bPftUser@c20060817 | |
| 905 | @f1@b23191@dK837.127.5@e465:1(2) | |
| 受命变革:1953-1956年.二/(美)德怀特·D·艾森豪威尔著/复旦大学资本主义国家经济研究所译.-上海:三联书店,1978.06.06 |
| 300页;19cm.-(艾森豪威尔回忆录:白宫岁月.上) |
| ISBN :CNY2.15(2册) |
| ● |
| 相关链接 |
|
|
|
|
正题名:受命变革
索取号:K837.127.5/465:1(2)
 
预约/预借
| 序号 | 登录号 | 条形码 | 馆藏地/架位号 | 状态 | 备注 |
| 1 | 0023191 | 202305692 | 密集书库/ [索取号:K837.127.5/465:1(2)] | 在馆 |